Guess the Country (Soccer Player Version) #9 - Statistics

General Stats
  • This quiz has been taken 27 times
  • The average score is 11 of 20
Answer Stats
Hint Answer % Correct
Jan Oblak Slovenia
80%
Konrad Laimer Austria
72%
Georges Mikautadze Georgia
68%
Mehdi Taremi Iran
68%
André-Frank Zambo Anguissa Cameroon
64%
Yussuf Poulsen Denmark
64%
Noah Okafor Switzerland
64%
Teemu Pukki Finland
60%
Orri Óskarsson Iceland
60%
Destiny Udogie Italy
60%
Aleksey Miranchuk Russia
60%
Stanislav Lobotka Slovakia
60%
Yerry Mina Colombia
52%
Kristjan Asllani Albania
48%
Ermedin Demirovic Bosnia-Herzegovina
48%
Nathan Collins Ireland
48%
Nicolas Pépé Ivory Coast
48%
Arthur Theate Belgium
44%
Yunus Musah United States
44%
El Bilal Touré Mali
28%
No matching quizzes found
Score Distribution
Percent of People with Each Score
Percentile by Number Answered
Your Score History
You have not taken this quiz